| 000 | 00882nam0a22002651 4500 | ||
|---|---|---|---|
| 001 | rc\2933898 | ||
| 005 | 20250806211501.0 | ||
| 035 | _a(NLR Aleph) 007083136 | ||
| 090 |
_a50423 _c50423 |
||
| 100 | _a20110821d1943 u y0rusy50 ca | ||
| 101 | 0 | _arus | |
| 102 | _aRU | ||
| 105 | _aa z ||||| | ||
| 200 | 1 |
_aОсел, корова и попугай _e(Басня) _fХудож. Ю.В. Кротков |
|
| 210 |
_aТбилиси _cХудфонд СССР, Груз. отд. _d1943 |
||
| 215 |
_a8 с. _cил. _d12х16 см |
||
| 300 | _aАвт. указан в вып. дан. | ||
| 700 | 1 |
_aИвнев _bР. (А.) _f1891-1981 _gРюрик (Александрович) |
|
| 801 | 0 |
_aRU _bNLR _gpsbo |
|
| 801 | 1 |
_aRU _bELAR _2rusmarc |
|
| 852 |
_aNLR _j69-2/2327 |
||
| 942 | _cBOOK | ||
| 945 | _aРоссийская национальная библиотека | ||
| 980 | _aNB | ||
| 980 | _aBV | ||